[Event "Tehran zt 3.1"]
[Site "Tehran"]
[Date "1997.??.??"]
[Round "7"]
[White "Omearat, Adel"]
[Black "Al Hadarani, Hatim"]
[Result "1-0"]
[WhiteElo "2260"]
[BlackElo "2365"]
[PlyCount "131"]
[EventDate "1997.??.??"]
[EventType "swiss"]
[EventRounds "11"]
[EventCountry "IRI"]
[SourceTitle "EXT 2003"]
[Source "ChessBase"]
[SourceDate "2002.11.25"]
[SourceVersion "1"]
[SourceVersionDate "2002.11.25"]
[SourceQuality "1"]

1. Nf3 Nf6 2. c4 c6 3. Nc3 d5 4. d4 e6 5. e3 Bd6 6. Bd3 Nbd7 7. 0-0 0-0 8. e4 dxc4 9. Bxc4 e5 10. d5 Nb6 11. Bb3 cxd5 12. exd5 h6 13. Qd3 Bg4 14. Nd2 Rc8 15. f3 Bh5 16. Nde4 Bg6 17. Be3 Kh8 18. Qb5 Bb8 19. a4 Ne8 20. a5 Nd7 21. Ba4 Ndf6 22. Qxb7 Nxe4 23. Nxe4 f5 24. Bxe8 Qxe8 25. Nc5 Rf7 26. Qa6 Rf6 27. Ne6 Qd7 28. Rac1 Rg8 29. Qc6 Qf7 30. a6 f4 31. Bf2 Bd3 32. Rfe1 Qh5 33. Qd7 Rf7 34. Qa4 e4 35. Rxe4 Bxe4 36. Qxe4 Rd7 37. Rc5 Bd6 38. Rb5 Rc8 39. h3 Qf7 40. Bd4 Bf8 41. Nxf4 Bd6 42. Ng6+ Kg8 43. f4 Rdc7 44. Qe6 Rc1+ 45. Kf2 Qxe6 46. dxe6 Kh7 47. f5 Bc5 48. Bxc5 R1xc5 49. Rxc5 Rxc5 50. e7 Rc8 51. Ne5 Kg8 52. b4 Re8 53. Nc6 Kf7 54. b5 Rc8 55. Ke3 Rxc6 56. bxc6 Kxe7 57. Ke4 Kd6 58. f6 gxf6 59. Kf5 Kxc6 60. Kxf6 Kb6 61. g4 Kxa6 62. h4 Kb5 63. g5 hxg5 64. hxg5 a5 65. g6 a4 66. g7 1-0

[Event "Olympiad-32"]
[Site "Yerevan"]
[Date "1996.09.18"]
[Round "3.3"]
[White "Heim, Sverre"]
[Black "Omearat, Adel"]
[Result "1/2-1/2"]
[WhiteElo "2410"]
[BlackElo "2260"]
[PlyCount "146"]
[EventDate "1996.09.15"]
[EventType "team-swiss"]
[EventRounds "14"]
[EventCountry "ARM"]
[SourceTitle "CBM 055"]
[Source "ChessBase"]
[SourceDate "1996.12.01"]
[SourceVersion "1"]
[SourceVersionDate "1996.12.01"]
[SourceQuality "1"]
[WhiteTeam "Norway"]
[BlackTeam "Syria"]
[WhiteTeamCountry "NOR"]
[BlackTeamCountry "SYR"]

1. d4 Nf6 2. c4 e6 3. g3 c5 4. d5 exd5 5. cxd5 d6 6. Nc3 g6 7. Bg2 Bg7 8. Nf3 0-0 9. 0-0 Re8 10. Nd2 a6 11. a4 Nbd7 12. Rb1 Qc7 13. Nc4 Ne5 14. Nxe5 Rxe5 15. e4 Re8 16. h3 Rb8 17. Bd2 Nd7 18. f4 b5 19. axb5 axb5 20. b3 b4 21. Na4 c4 22. bxc4 Qxc4 23. Qb3 Qb5 24. Rfe1 Ra8 25. Nb2 Bd4+ 26. Kh2 Bf2 27. Rf1 Ra3 28. Qxb4 Bxg3+ 29. Kh1 Qxb4 30. Bxb4 Rb3 31. Bxd6 Nf6 32. Be5 Nh5 33. Nc4 Rxb1 34. Rxb1 Bxf4 35. Bxf4 Nxf4 36. Nd6 Rd8 37. Rb8 Rxd6 38. Rxc8+ Kg7 39. e5 Ra6 40. d6 Ra1+ 41. Kh2 Rd1 42. Bf3 Rd3 43. Bg4 h5 44. d7 hxg4 45. d8Q g3+ 46. Kh1 Rxd8 47. Rxd8 g5 48. Rd6 Ng6 49. Ra6 Nxe5 50. Kg2 f6 51. Kxg3 Kg6 52. h4 gxh4+ 53. Kxh4 Nf7 54. Kg4 Ng5 55. Ra1 Ne6 56. Rg1 f5+ 57. Kh4+ Kf6 58. Kh5 Ng7+ 59. Kh6 Ne6 60. Rf1 f4 61. Kh5 Kf5 62. Kh4 Nc5 63. Ra1 Nd3 64. Ra8 Ke4 65. Re8+ Ne5 66. Kh3 Kf5 67. Kg2 Ke4 68. Kf2 Kf5 69. Ke2 Ke4 70. Kd2 Kd4 71. Ra8 Ke4 72. Ra4+ Kf3 73. Rxf4+ Kxf4 1/2-1/2